Czy rozpoznasz popularne loga? - Statystyki

Ogólne statystyki
  • Ten quiz został rozwiązany 3 431 razy
  • Średni wynik to 17 z 20
Statystyki odpowiedzi
Obrazkowy Odpowiedź % Poprawnych
Nike
100%
Apple
98%
Instagram
97%
Audi
96%
Pepsi
96%
Wikipedia
94%
McDonald's
93%
Android
92%
T-Mobile
92%
Microsoft Office Word
90%
Mozilla Firefox
90%
Toyota
87%
Opel
86%
New Balance
83%
Google Chrome
79%
Tesla
74%
Lacoste
65%
Gimp
64%
Formuła 1
49%
Adobe
29%
Nie znaleziono quizów pasujących do podanych kryteriów
Rozkład punktacji
Procent ludzi z każdym wynikiem
Percentyl według liczby udzielonych odpowiedzi
Twoja historia wyników
Nie rozwiązałeś tego quizu